000 00525nam a22001937a 4500
005 20230314150736.0
008 230314b |||||||| |||| 00| 0 eng d
020 _a9789389 305104
041 _aeng
082 _a720.9
_bBOS
100 _aBose K
_9176299
110 _aMichell G
_9176300
245 _aHoysala Legacy: Belur Halebidu Somanathapura
260 _aAhmedabad
_bJaico Publishing House
_c2019
300 _a152p
_bPb
_c20 x 14
365 _aINR
_b499.00
_cRupaye
942 _cBK
999 _c135348
_d135348